Mediace způsob řešení mezilidských konfliktů
Gespeichert in:
| 1. Verfasser: | |
|---|---|
| Format: | Buch |
| Sprache: | Tschechisch |
| Veröffentlicht: |
Praha
Grada Publishing
2003
|
| Schriftenreihe: | Psyché
|
| Schlagworte: | |
| Tags: |
Keine Tags, Fügen Sie das erste Tag hinzu!
|
MARC
| LEADER | 00000nam$a2200000$$$4500 | ||
|---|---|---|---|
| 001 | 0002379 | ||
| 005 | 20240306141529.6 | ||
| 020 | |a 80-247-0467-6 | ||
| 041 | 0 | |a cze | |
| 044 | |a CZ | ||
| 245 | 1 | 0 | |a Mediace |b způsob řešení mezilidských konfliktů |c Lenka Holá |
| 264 | 1 | |a Praha |b Grada Publishing |c 2003 | |
| 300 | |a 190 s. | ||
| 490 | 1 | |a Psyché | |
| 830 | 0 | |a Psyché | |
| 610 | 2 | 0 | |a konflikty |
| 610 | 2 | 0 | |a komunikácia sociálna |
| 610 | 2 | 0 | |a komunikácia |
| 610 | 2 | 0 | |a psychológia |
| 610 | 2 | 0 | |a vyjednávanie |
| 610 | 2 | 0 | |a mediácia |
| 610 | 2 | 0 | |a psychológia sociálna |
| 610 | 2 | 0 | |a správanie sociálne |
| 100 | 1 | |a Holá, Lenka | |